00720nam a2200193 i 450000100060000000300090000600500170001500700030003200800410003510000310007624501210010726000340022830000220026265000400028470000310032485200320035599900170038795201220040478280ES-MaACL20230906173636.0t|041013s1967 sp ||||1| spa d1 aHäring, Bernhard.96184713aLa nueva alianza vivida en los sacramentos b: meditaciones / cBernhard Häring ; [versión de P. Pinedo Arzá]. aBarcelona : bHerder, c1967. a328 p. ; c22 cm. 4aSacramentos-xMeditaciones.91659401 aPinedo Arza, Pedro.992111 aES-MaACLjC-32725 bR.63562 c78280d78280 00104070aATENEOMbATENEOMcDEPO2d2008-01-17eSCl0oC-32725p1081885r2023-02-23 00:00:00w2023-02-23yMONOGRAFIA